000 01488nam a22001817a 4500
005 20251223154010.0
020 _a978-0751527377
082 _a823 MIC
100 _aMitch Albom
_91208
245 _aTuesdays with Morrie
250 _a1
260 _aSphere
_bUnited States
_c2017
300 _aPaperback ‏ : ‎ 208 pages
_bItem Weight ‏ : ‎ 430 g Dimensions ‏ : ‎ 18 x 1.5 x 13 cm Net Quantity ‏ : ‎ 500.00 Grams
520 _aMaybe it was a grandparent, or a teacher or a colleague. Someone older, patient and wise, who understood you when you were young and searching, and gave you sound advice to help you make your way through it. For Mitch Albom, that person was Morrie Schwartz, his college professor from nearly twenty years ago. Maybe, like Mitch, you lost track of this mentor as you made your way, and the insights faded. Wouldn't you like to see that person again, ask the bigger questions that still haunt you? Mitch Albom had that second chance. He rediscovered Morrie in the last months of the older man's life. Knowing he was dying of ALS - or motor neurone disease - MItch visited Morrie in his study every Tuesday, just as they used to back in college. Their rekindled relationship turned into one final 'class': lessons in how to live. TUESDAYS WITH MORRIE is a magical chronicle of their time together, through which Mitch shares Morrie's lasting gift with the world.
546 _aLanguage ‏ : ‎ English
650 _aGEN
_92
942 _cBK
999 _c38138
_d38138